00576nam a22001817a 450000500170000001000150001702000260003203500140005803700090007208200110008110000150009224500720010725000060017926000410018527000880022630000190031450000610033320250827154839.0 aENG-146555 a9789371367431c180.00 aEN-130087 bDBAD a50021 aSharma, Om a13 Booklet Previous Year's Solved Questions Mathematics/cOm Sharma a1 aNoidabPearson India Educationc2025 a15th Floor, Towe-B, World Trade Tower, Plot No.1, Block-C, Sector-16bNoidae201301 avpp.c25cm(pb) aJEE Main Aprils 2025 Attempt Chapter-wise and Topic-wise